Tasas y precios en la hacienda local La experiencia espaǫla /

Detalles Bibliográficos
Autor principal: Martn̕ Fernǹdez, Javier
Formato: eBook
Lenguaje:español
Publicado: Madrid: Marcial Pons, 2013
Materias:
Acceso en línea:Acceso restringido

MARC

LEADER 00000nam a22000007a 4500
005 20180710230556.0
007 cr|||| ||||
008 180710s2013 es |||||s|||| 00||0 spa d
020 |a 978-84-9123-506-4 
035 |a 21757 
040 |a vLex 
090 |c 8008  |d 8008 
100 1 |a Martn̕ Fernǹdez, Javier 
245 1 0 |a Tasas y precios en la hacienda local  |h [Recurso electrn̤ico] :  |b La experiencia espaǫla /  |c Javier Martn̕ Fernǹdez 
256 |a Servicio en ln̕ea 
260 |a Madrid:  |b Marcial Pons,  |c 2013 
300 |a 1 recurso electrn̤ico 
506 1 |a Disponible solo en los productos indicados  |d vLex Global  |d vLex Global (Academic Edition, excluding Law Schools)  |d vLex Global (U.S. Academic Edition, Law Schools)  |d vLex Global (U.S. Academic Edition, excluding Law Schools)  |d vLex Global (Academic Edition, Law Schools) 
650 0 4 |a Derecho Tributario  |z Espaą 
740 0 |a vLex Libros (Servicio en ln̕ea) 
856 4 0 |u http://vlex.com/source/tasas-precios-hacienda-local-experiencia-espa-ola-21757  |z Acceso restringido 
942 |c BOOK 
999 0 |a Tax Law